Qalhat, a Medieval Port City of Oman

محفوظ في:

المؤلف الرئيسي: Axelle Rougeulle

التنسيق: كتاب

اللغة: Undetermined

الوصول للمادة أونلاين: Login to view Source

الوسوم: إضافة وسم

لا توجد وسوم, كن أول من يضع وسما على هذه التسجيلة!

رقم الطلب:

LEADER 00441nmm a2200133Ia 4500
008 240716s9999||||xx |||||||||||||||||und||
020 |a 9781803275932 
020 |a 9781803275949 
100 |a Axelle Rougeulle 
245 1 0 |a Qalhat, a Medieval Port City of Oman  |c Axelle Rougeulle 
264 |b Archaeopress Archaeology  |c 27-أكتوبر-23 
856 4 0 |u http://library.arce.org:8087/Archaeopress/Products/9781803275932 
942 |2 lcc  |c EBOOK 
999 |c 58996  |d 58996